Slovensko-nemecký slovník

Na minha lista:
Detalhes bibliográficos
Autor principal: Siarsky, Július
Formato: Livro
Idioma:eslovaco
alemão
Publicado em: Bratislava AMOS 1990
Edição:2. nezmen. vyd.
Tags: Adicionar Tag
Sem tags, seja o primeiro a adicionar uma tag!

MARC

LEADER 00000nam a2200000 4500
001 c025173
005 20221215071504.5
041 0 |a slo 
041 0 |a ger 
044 |a SK 
245 1 0 |a Slovensko-nemecký slovník  |c Július Siarsky 
250 |a 2. nezmen. vyd. 
264 1 |a Bratislava  |b AMOS  |c 1990 
300 |a 729 s. 
100 1 |a Siarsky, Július